000 00818nam a2200217 i 4500
001 172681
003 ES-MaACL
005 20240522063102.0
008 090821s1917 sp |||| | spa d
080 _a821.134.2-31"18"
100 1 _aPereda, José María de,
_d1833-1906
_990447
245 1 4 _aLos hombres de pró /
_cJosé M. de Pereda ... ; con un prólogo de Marcelino Menéndez y Pelayo.
250 _a5ª ed.
260 _aMadrid :
_b[s.n.],
_c1917 (
_fEstab. Tip. de los Hijos de Tello)
300 _aCVI, 249 p. :
_b1 retr. autor ;
_c17 cm.
490 1 _aObras completas de José M. de Pereda ;
_v1
700 1 _aMenéndez y Pelayo, Marcelino,
_d1856-1912
_980332
830 1 _aObras completas de José M. de Pereda ;
_v1
_9188346
852 _aES-MaACL
_jB-3688
999 _c172681
_d172681